000 00497 a2200205 4500
005 20260415115152.0
008 260415b |||||||| |||| 00| 0 eng d
020 _a9788178442969
_cRs. 995.00
040 _aMAIN
082 _a791.43
_bS55F
100 _aSenapati, Udai
245 _aFilm making
260 _bK K Publications
_c2025
_aNew Delhi
300 _a288
650 _aArts
650 _aRecreational
650 _aPublic Performances
650 _aMotion Pictures
942 _cBK
999 _c397265
_d397265